Countries of the World with an Empty Map - 5 Minute Sprint - Statistics

General Stats
  • This quiz has been taken 1,859 times
  • The average score is 130 of 196
Answers on the Map
Answers color-coded by a green-red scale on the quiz's map according to % correct below.
 
Answer Stats
Country % Correct
Canada
93%
United States
93%
Brazil
90%
United Kingdom
90%
France
88%
Germany
88%
Mexico
88%
Russia
88%
China
87%
Argentina
86%
Spain
86%
Italy
84%
Chile
83%
Egypt
83%
India
83%
Australia
82%
Finland
82%
Sweden
82%
Turkey
82%
Japan
81%
Peru
81%
Ukraine
81%
Colombia
80%
Denmark
80%
Greece
80%
Norway
80%
Poland
80%
Portugal
80%
Iraq
79%
Ireland
79%
Bolivia
78%
Paraguay
78%
Indonesia
77%
Mongolia
77%
Venezuela
77%
Belarus
76%
Belgium
76%
Ecuador
76%
Iran
76%
Panama
76%
Uruguay
76%
Algeria
75%
Austria
75%
New Zealand
75%
Romania
75%
Saudi Arabia
75%
Dem. Rep. of the Congo
74%
Iceland
74%
Kazakhstan
74%
Pakistan
74%
South Africa
74%
South Korea
74%
Cuba
73%
Estonia
73%
Israel
73%
Libya
73%
Morocco
73%
Netherlands
73%
Switzerland
73%
Chad
72%
Niger
72%
Republic of the Congo
72%
Sudan
72%
Afghanistan
71%
Honduras
71%
Hungary
71%
Latvia
71%
North Korea
71%
Albania
70%
Bulgaria
70%
Costa Rica
70%
Croatia
70%
Czech Republic
70%
Dominican Republic
70%
El Salvador
70%
Guatemala
70%
Guyana
70%
Oman
70%
Slovakia
70%
Thailand
70%
Yemen
70%
Haiti
69%
Mali
69%
Nicaragua
69%
Nigeria
69%
Vatican City
69%
Andorra
68%
Jamaica
68%
Jordan
68%
Lithuania
68%
Slovenia
68%
Suriname
68%
Syria
68%
United Arab Emirates
68%
Vietnam
68%
Bosnia and Herzegovina
67%
Cambodia
67%
Laos
67%
Nepal
67%
Serbia
67%
Armenia
66%
Azerbaijan
66%
Belize
66%
Georgia
66%
Malaysia
66%
Monaco
66%
Central African Republic
65%
Kenya
65%
San Marino
65%
Tunisia
65%
Uzbekistan
65%
Angola
64%
Bangladesh
64%
Dominica
64%
Ethiopia
64%
Lebanon
64%
Luxembourg
64%
Moldova
64%
Myanmar
64%
Qatar
64%
South Sudan
64%
Bahamas
63%
Bhutan
63%
Bahrain
62%
Kosovo
62%
Malta
62%
North Macedonia
62%
Singapore
62%
Cyprus
61%
Ghana
61%
Montenegro
61%
Philippines
61%
Somalia
61%
Fiji
60%
Kuwait
60%
Tajikistan
60%
Guinea
59%
Namibia
59%
Taiwan
59%
Tanzania
59%
Turkmenistan
59%
Zambia
59%
Liechtenstein
58%
Mauritania
58%
Papua New Guinea
58%
Sri Lanka
58%
Zimbabwe
58%
Benin
57%
Botswana
57%
Cameroon
57%
Eritrea
57%
Kyrgyzstan
57%
St. Kitts and Nevis
57%
Togo
57%
Barbados
56%
Senegal
56%
Trinidad and Tobago
56%
Gabon
55%
Madagascar
55%
Palau
55%
Samoa
55%
Uganda
55%
Gambia
54%
St. Vincent and Grenadines
54%
Tonga
54%
Djibouti
53%
East Timor
53%
Malawi
53%
Mozambique
53%
St. Lucia
53%
Antigua and Barbuda
52%
Brunei
52%
Fed. States of Micronesia
52%
Kiribati
52%
Maldives
52%
Rwanda
52%
Burkina Faso
51%
Guinea Bissau
51%
Lesotho
51%
Nauru
51%
Tuvalu
51%
Burundi
50%
Grenada
50%
Liberia
50%
Eswatini
48%
Vanuatu
48%
Ivory Coast
47%
Mauritius
46%
Seychelles
46%
Sierra Leone
46%
Solomon Islands
46%
Cape Verde
45%
Marshall Islands
45%
São Tomé and Príncipe
44%
Comoros
43%
Equatorial Guinea
43%
No matching quizzes found
Score Distribution
Percent of People with Each Score
Percentile by Number Answered
Your Score History
You have not taken this quiz